[Event "Las Americas op U1800 Hybrid"]
[Site "Internet"]
[Date "2022.06.04"]
[Round "3.43"]
[White "Ortiz Balbi, Francisco Johan"]
[Black "Escobar Villota, Domenika Gabriela"]
[Result "0-1"]
[WhiteElo "1272"]
[BlackElo "1488"]
[PlyCount "114"]
[EventDate "2022.06.04"]
[EventType "swiss"]
[EventRounds "6"]
[EventCountry "VEN"]
[SourceTitle "EXT 2024"]
[Source "ChessBase"]
[SourceDate "2023.10.10"]
[SourceVersion "1"]
[SourceVersionDate "2023.10.10"]
[SourceQuality "1"]

1. e4 c5 2. Ne2 Nc6 3. g3 g6 4. Bg2 Bg7 5. 0-0 e6 6. c3 Nge7 7. d4 cxd4 8. cxd4 d5 9. e5 0-0 10. Be3 Bd7 11. f4 Rc8 12. g4 Qb6 13. b3 Nb4 14. Nbc3 Bb5 15. Nxb5 Qxb5 16. Bd2 Nec6 17. Nc3 Qd3 18. Qe2 Qxd4+ 19. Kh1 Nc2 20. Nb5 Qb6 21. Rac1 N6b4 22. Nd6 Nxa2 23. Nxc8 Nxc1 24. Ne7+ Kh8 25. Rxc1 Qxb3 26. Qd1 Nd4 27. Qxb3 Nxb3 28. Rc2 Nxd2 29. Rxd2 Re8 30. Nxd5 exd5 31. Rxd5 Rc8 32. Kg1 Bf8 33. Kf2 Rc7 34. Rd8 Kg7 35. f5 b5 36. f6+ Kg8 37. Bd5 b4 38. g5 a5 39. Bxf7+ Kxf7 40. e6+ Kxe6 41. Rxf8 Rb7 42. Re8+ Kf7 43. Rh8 Ke6 44. Re8+ Kf5 45. Re7 Rb8 46. h4 b3 47. f7 Rf8 48. Rb7 a4 49. Kf3 Ke6 50. Rb6+ Kxf7 51. Ke4 Ra8 52. Kd3 a3 53. Kc3 a2 54. Rf6+ Ke7 55. Rf1 a1Q+ 56. Rxa1 Rxa1 57. Kxb3 Rh1 0-1